[Event "GAMMA Reykjavik Open 2019"]
[Site "Reykjavik ISL"]
[Date "2019.04.09"]
[Round "2.87"]
[White "Thorisson, Benedikt"]
[Black "Hallsson, Jon Eggert"]
[Result "0-1"]
[WhiteElo "1411"]
[BlackElo "1710"]
[WhiteFideId "2314576"]
[BlackFideId "2311569"]
[EventDate "2019.04.08"]

1. e4 e6 2. d4 d5 3. e5 c5 4. c3 Nc6 5. Nf3 Bd7 6. a3 cxd4 7. cxd4 f6 8. Nc3
fxe5 9. dxe5 Qb6 10. Be3 Qc7 11. Rc1 a6 12. Be2 Nh6 13. Na4 Be7 14. O-O b5 15.
Nc5 Nf5 16. Bg5 O-O 17. Bxe7 Nfxe7 18. Ng5 Rf5 19. Ngxe6 Bxe6 20. Nxe6 Qxe5 21.
Re1 Qxe6 22. Bg4 Qd6 23. Bxf5 Nxf5 24. Rc3 d4 25. Rd3 Ne5 26. Rd2 d3 27. Qb3+
Kh8 28. Qc3 Nd4 29. Kf1 Rf8 30. Re4 Ndc6 31. h3 Rd8 32. Re3 h6 33. f4 Nc4 34.
Rdxd3 Nxe3+ 35. Rxe3 Qd1+ 36. Kf2 Qd2+ 37. Kg3 Qxc3 38. Rxc3 Rd6 39. Kf3 Kg8 40.
g4 Kf7 41. b4 g6 42. Ke3 Ke6 43. Rc5 Ne7 44. Ke4 Rc6 45. Re5+ Kf7 46. f5 gxf5+
47. gxf5 Kf6 48. Rc5 Rxc5 49. bxc5 a5 50. Kd4 Kxf5 51. h4 h5 52. Kc3 Nc6 53. Kb3
b4 54. axb4 axb4 55. Kc4 Ke5 56. Kb3 Kd5 57. Kb2 Kxc5 58. Kb3 Nd4+ 59. Kb2 Nf3 0-1

[Event "GAMMA Reykjavik Open 2019"]
[Site "Reykjavik ISL"]
[Date "2019.04.09"]
[Round "2.89"]
[White "Gunnarsson, Baltasar Mani Wedhol"]
[Black "Fridthjofsdottir, Sigurl. Regina"]
[Result "0-1"]
[WhiteElo "1357"]
[BlackElo "1699"]
[WhiteFideId "2311917"]
[BlackFideId "2300788"]
[EventDate "2019.04.08"]

1. e4 e6 2. d4 d5 3. e5 c5 4. c3 Nc6 5. Nf3 Bd7 6. Bb5 a6 7. Bxc6 Bxc6 8. Be3 c4
9. O-O Ne7 10. Bg5 Qc7 11. Bxe7 Bxe7 12. Nbd2 O-O 13. h3 b5 14. a3 a5 15. Qc2
Rfb8 16. Rfb1 Be8 17. Qd1 f6 18. Qe2 Qc8 19. exf6 Bxf6 20. Ne5 Ra6 21. Qe1 Rab6
22. Ndf3 b4 23. axb4 axb4 24. Qd1 Qb7 25. cxb4 Rxb4 26. Ng4 Rxb2 27. Nxf6+ gxf6
28. Rc1 Bg6 29. Nd2 Qb4 30. Nf3 Bd3 31. Qe1 Qxe1+ 32. Rxe1 Rb1 33. Raxb1 Rxb1
34. Rxb1 Bxb1 35. Nd2 Bd3 36. f4 Kf7 37. Kf2 Ke7 38. g4 Kd6 39. h4 e5 40. dxe5+
fxe5 41. fxe5+ Kxe5 42. Ke3 d4+ 43. Kf3 c3 44. Nb3 Bc4 45. Nc1 d3 46. Ne2 dxe2
47. g5 e1=Q 48. g6 Qe4+ 49. Kf2 hxg6 50. h5 gxh5 51. Kg3 h4+ 52. Kh2 Qf4+ 53.
Kg2 Bd5+ 54. Kg1 Qd2 55. Kf1 c2 0-1

[Event "GAMMA Reykjavik Open 2019"]
[Site "Reykjavik ISL"]
[Date "2019.04.09"]
[Round "2.90"]
[White "Muhr, Andreas"]
[Black "Stefansson, Benedikt"]
[Result "1/2-1/2"]
[WhiteElo "1686"]
[BlackElo "1395"]
[WhiteFideId "1619683"]
[BlackFideId "2312379"]
[EventDate "2019.04.08"]

1. Nf3 e6 2. b3 d5 3. Bb2 Nf6 4. e3 b6 5. Ne5 Bd6 6. g4 Bb7 7. Bg2 h6 8. h4 Nbd7
9. Nxd7 Qxd7 10. c4 O-O-O 11. Nc3 dxc4 12. Bxb7+ Kxb7 13. Qf3+ Kb8 14. bxc4 Ba3
15. O-O-O Bxb2+ 16. Kxb2 Qd3 17. c5 Nd5 18. a3 Nxc3 19. dxc3 Qb5+ 20. Kc2 Qxc5
21. Qxf7 Qxa3 22. Qxe6 Rhe8 23. Qc4 Qe7 24. Rxd8+ Rxd8 25. e4 Qd7 26. Qe2 Qe6
27. Ra1 Re8 28. f3 Qf6 29. Qa6 Qxf3 30. Qxa7+ Kc8 31. Qa6+ Kd7 32. Qd3+ Qxd3+
33. Kxd3 Rf8 34. Ke3 Ke6 35. Ra7 Rf7 36. Ra8 Kf6 37. Rd8 g5 38. hxg5+ hxg5 39.
Rd5 Rh7 40. Rf5+ Kg6 41. Rf3 Rf7 42. Rf5 Rd7 43. Rf1 Rh7 44. e5 Rh3+ 45. Kd4 Rg3
46. Rf6+ Kg7 47. Rc6 Rxg4+ 48. Kd5 Kf8 49. Rxc7 Rg3 50. Ke6 g4 51. Rf7+ Ke8 52.
c4 Rg1 53. Rb7 Kd8 54. Rxb6 Kc7 55. Rd6 g3 56. Rd7+ Kc8 57. Rg7 g2 58. c5 Kd8
59. c6 Kc8 60. Rg4 Kc7 61. Rg3 Kxc6 62. Rc3+ Kb5 63. Rc2 Kb4 64. Rf2 Kc4 1/2-1/2

[Event "GAMMA Reykjavik Open 2019"]
[Site "Reykjavik ISL"]
[Date "2019.04.09"]
[Round "2.91"]
[White "Hjaltason, Elvar Orn"]
[Black "Aasen, Alexander"]
[Result "1-0"]
[WhiteElo "1664"]
[BlackElo "1291"]
[WhiteFideId "2315084"]
[BlackFideId "1542400"]
[EventDate "2019.04.08"]

1. c4 e5 2. Nc3 Nf6 3. g3 g6 4. Bg2 Bg7 5. d3 O-O 6. Nf3 d6 7. O-O Nc6 8. Rb1
Bd7 9. b4 Ne7 10. Nd2 c6 11. a4 d5 12. b5 Rb8 13. Qb3 Be6 14. Ba3 d4 15. Nce4
cxb5 16. axb5 Nxe4 17. Nxe4 b6 18. Qb4 Nc8 19. Qb2 Ne7 20. Bb4 Re8 21. Nd6 Rf8
22. Qa3 Qc7 23. Ra1 h6 24. Qxa7 Qxa7 25. Rxa7 Nc8 26. Nxc8 Rfxc8 27. Bd6 Rxc4
28. dxc4 Rc8 29. Ra8 Rxa8 30. Bxa8 Bxc4 31. Bf3 Bxb5 32. Rb1 Bc4 33. Rxb6 f5 34.
Rc6 Bb5 35. Rc5 Ba6 36. Bxe5 Bf8 37. Bd5+ Kh7 38. Rc7+ Bg7 39. Rxg7+ Kh8 40.
Ra7# 1-0

[Event "GAMMA Reykjavik Open 2019"]
[Site "Reykjavik ISL"]
[Date "2019.04.09"]
[Round "2.93"]
[White "Johannessen, Heine N"]
[Black "Hafdisarson, Ingi Thor"]
[Result "1-0"]
[WhiteElo "1636"]
[BlackElo "1220"]
[WhiteFideId "1542486"]
[BlackFideId "2306956"]
[EventDate "2019.04.08"]

1. d4 Nf6 2. Nf3 c5 3. c4 b5 4. cxb5 a6 5. b6 Qxb6 6. g3 cxd4 7. Bg2 Bb7 8. O-O
Nc6 9. Na3 g6 10. b3 Bg7 11. Bb2 O-O 12. Nc4 Qc7 13. Nxd4 d5 14. Na3 Rad8 15.
Rc1 Qd6 16. e3 Rfe8 17. Qd3 Nb4 18. Qb1 e5 19. Nf3 Nd7 20. Rfd1 Qe7 21. Nc2 Nxc2
22. Qxc2 Rc8 23. Qd2 f6 24. Ne1 Nb6 25. a4 Rxc1 26. Rxc1 Rd8 27. Nc2 Bh6 28. Qa5
Nc8 29. Rd1 Qd6 30. Ba3 Qb6 31. Bxd5+ Kh8 32. Qxb6 Nxb6 33. Bf3 Rxd1+ 34. Bxd1
Nc8 35. Be2 Kg8 36. Bc4+ Kg7 37. Bc5 g5 38. Nb4 a5 39. Nd5 Kg6 40. Ne7+ Kh5 41.
Bf7+ Kg4 42. Be6+ Kf3 43. Bxc8 Be4 44. Nf5 Bd5 45. Nxh6 Bxb3 46. h3 Bxa4 47. Bb6
Be8 48. Bxa5 Bg6 49. Bf5 e4 50. Bg4# 1-0

[Event "GAMMA Reykjavik Open 2019"]
[Site "Reykjavik ISL"]
[Date "2019.04.09"]
[Round "2.94"]
[White "Palmeri, Ralph P"]
[Black "Sharifa, Rayan"]
[Result "1-0"]
[WhiteElo "1636"]
[BlackElo "1169"]
[WhiteFideId "2057417"]
[BlackFideId "2314894"]
[EventDate "2019.04.08"]

1. e4 c5 2. Nf3 d6 3. c3 Nc6 4. d4 cxd4 5. cxd4 Qb6 6. Nc3 Nf6 7. h3 g6 8. Bc4
Bg7 9. Bb3 Nd7 10. Be3 Qb4 11. O-O Nb6 12. a3 Qa5 13. Ng5 O-O 14. f4 e6 15. Rc1
d5 16. e5 Qa6 17. Bf2 Na5 18. Bc2 Nbc4 19. Na4 Bh6 20. Bd3 b5 21. Nc5 Qb6 22.
Qc2 Nb7 23. Qc3 Rd8 24. g4 Bf8 25. b4 a5 26. f5 axb4 27. axb4 Ra3 28. Qc2 Nxc5
29. bxc5 Qa5 30. fxg6 Ra2 31. gxh7+ Kg7 32. Nxf7 Kxf7 33. Bh4+ Ke8 34. h8=Q Rxc2
35. Qxf8+ Kd7 36. Qd6+ Ke8 37. Rf8# 1-0

[Event "GAMMA Reykjavik Open 2019"]
[Site "Reykjavik ISL"]
[Date "2019.04.09"]
[Round "2.95"]
[White "Thorisson, Bjartur"]
[Black "Stuart, Brian"]
[Result "0-1"]
[WhiteElo "1126"]
[BlackElo "1636"]
[WhiteFideId "2314916"]
[BlackFideId "445053"]
[EventDate "2019.04.08"]

1. e4 c5 2. Nf3 d6 3. d4 cxd4 4. Nxd4 Nf6 5. Nc3 a6 6. f3 e5 7. Nb3 Be6 8. Nd5
Bxd5 9. exd5 Be7 10. Be3 Nbd7 11. Qd2 Rc8 12. O-O-O Nb6 13. Bxb6 Qxb6 14. Kb1
O-O 15. g4 Qd8 16. h4 Nd7 17. g5 f6 18. gxf6 Nxf6 19. Rg1 Kh8 20. Bd3 Nh5 21.
Rxg7 Nxg7 22. Qh6 Nf5 23. Rg1 Nxh6 0-1

[Event "GAMMA Reykjavik Open 2019"]
[Site "Reykjavik ISL"]
[Date "2019.04.09"]
[Round "2.96"]
[White "Steingrimsson, Karl Egill"]
[Black "Omarsson, Adam"]
[Result "0-1"]
[WhiteElo "1633"]
[BlackElo "1144"]
[WhiteFideId "2304791"]
[BlackFideId "2311453"]
[EventDate "2019.04.08"]

1. Nf3 d6 2. d4 Nf6 3. g3 g6 4. Bg2 Bg7 5. O-O O-O 6. c3 Bg4 7. Nfd2 c5 8. Bxb7
Nbd7 9. Bxa8 Qxa8 10. f3 Bh3 11. Rf2 cxd4 12. cxd4 Ng4 13. fxg4 Bxd4 14. Qe1
Qg2# 0-1

[Event "GAMMA Reykjavik Open 2019"]
[Site "Reykjavik ISL"]
[Date "2019.04.09"]
[Round "2.97"]
[White "Berndsen, Soffia Arndis"]
[Black "Melega, Michele"]
[Result "0-1"]
[WhiteElo "1031"]
[BlackElo "1631"]
[WhiteFideId "2316811"]
[BlackFideId "857742"]
[EventDate "2019.04.08"]

1. Nf3 Nc6 2. g3 d5 3. Bg2 Nf6 4. O-O e5 5. d3 h5 6. b3 Be6 7. Bb2 d4 8. c3 Qd7
9. Re1 O-O-O 10. e3 dxe3 11. Rxe3 Ng4 12. Re1 Qxd3 13. Qc1 Bc5 14. Rf1 Qe2 15.
Qe1 Qxb2 16. Nbd2 Bxf2+ 17. Rxf2 Nxf2 18. Kxf2 e4 19. Ng5 Rxd2+ 20. Kg1 Rxg2+
21. Kf1 Rxh2 0-1

[Event "GAMMA Reykjavik Open 2019"]
[Site "Reykjavik ISL"]
[Date "2019.04.09"]
[Round "2.98"]
[White "Gardarsson, Hordur"]
[Black "Steinthorsson, Birgir Logi"]
[Result "1-0"]
[WhiteElo "1619"]
[BlackElo "1137"]
[WhiteFideId "2303604"]
[BlackFideId "2312093"]
[EventDate "2019.04.08"]

1. d4 Nf6 2. c4 c6 3. Nc3 d5 4. Nf3 e6 5. Bg5 Bb4 6. e3 Nbd7 7. cxd5 cxd5 8. Bd3
Qc7 9. Rc1 Ne4 10. Bxe4 dxe4 11. Nd2 f5 12. Nd5 Qa5 13. Nc7+ Kf8 14. Nxa8 Bd6
15. Rxc8+ Kf7 16. Rxh8 h6 17. Bh4 Kg6 18. O-O Nf6 19. Bxf6 Kxf6 20. Nc4 Qb4 21.
Nxd6 Qxd6 22. Qb3 Qd7 23. Rc1 Qd5 24. Qxd5 exd5 25. Nc7 Kg5 26. Nxd5 h5 27. Rc7
g6 28. g3 Kg4 29. Kg2 f4 30. exf4 Kf5 31. Re7 g5 32. Rf8+ Kg6 33. Rf6# 1-0

[Event "GAMMA Reykjavik Open 2019"]
[Site "Reykjavik ISL"]
[Date "2019.04.09"]
[Round "2.99"]
[White "Chugunov, Arkadiy"]
[Black "Seshadri, Sridhar"]
[Result "0-1"]
[WhiteElo "1012"]
[BlackElo "1603"]
[WhiteFideId "23730285"]
[BlackFideId "30913942"]
[EventDate "2019.04.08"]

1. e4 c6 2. Nc3 e5 3. Nf3 d6 4. g3 Nf6 5. d3 h6 6. Bg2 Bg4 7. Be3 d5 8. exd5
Nxd5 9. Nxd5 cxd5 10. h3 Be6 11. Nxe5 Bd6 12. Nc4 Bc7 13. d4 Nc6 14. Nd2 Qd7 15.
Nb3 b6 16. f4 f5 17. Qe2 O-O 18. O-O-O a5 19. a4 Rac8 20. c3 Rfe8 21. h4 Re7 22.
Bf3 Rce8 23. Qf2 Bf7 24. Rde1 Nd8 25. Re2 Qxa4 26. Kc2 Qb5 27. Rhe1 a4 28. Na1
Nb7 29. b4 axb3+ 30. Nxb3 Nd6 31. Bc1 Ne4 32. Bxe4 dxe4 33. Re3 Qxb3+ 0-1

[Event "GAMMA Reykjavik Open 2019"]
[Site "Reykjavik ISL"]
[Date "2019.04.09"]
[Round "2.100"]
[White "Aasen, Fredrik"]
[Black "Brynjarsson, Einar Dagur"]
[Result "1-0"]
[WhiteElo "1596"]
[BlackElo "1097"]
[WhiteFideId "1539060"]
[BlackFideId "2315939"]
[EventDate "2019.04.08"]

1. c4 e5 2. g3 Nc6 3. Bg2 Nf6 4. Nc3 Bc5 5. a3 O-O 6. b4 Bd4 7. Bb2 Ng4 8. e3
Bxc3 9. Bxc3 Qf6 10. Qxg4 d5 11. Qf3 Qxf3 12. Nxf3 e4 13. Ne5 Nxe5 14. Bxe5 Re8
15. Bb2 dxc4 16. Rc1 b5 17. f3 Bb7 18. fxe4 Bxe4 19. Bxe4 Rxe4 20. Ke2 Rd8 21.
Rhd1 h6 22. d3 cxd3+ 23. Rxd3 Rde8 24. Rxc7 R8e7 25. Rxe7 Rxe7 26. Rd5 Kh7 27.
Rxb5 Kg6 28. Bd4 Re8 29. Bxa7 Ra8 30. Ra5 Kf6 31. Bd4+ Ke6 32. Rxa8 f6 33. Bxf6
Kxf6 34. Kf3 g5 35. Ra6+ Kf5 36. Ra5+ Kg6 37. Ke4 Kh5 38. h3 Kg6 39. g4 Kg7 40.
Kf5 h5 41. Kxg5 hxg4 42. Ra7+ Kf8 43. Kf6 Ke8 44. Ke6 Kd8 45. hxg4 Kc8 46. Kd6
Kb8 47. Rf7 Kc8 48. Rg7 Kd8 49. Rg8# 1-0

[Event "GAMMA Reykjavik Open 2019"]
[Site "Reykjavik ISL"]
[Date "2019.04.09"]
[Round "2.101"]
[White "Abbas, Ahmed C"]
[Black "Thoroddsen, Anna Katarina"]
[Result "1-0"]
[WhiteElo "1561"]
[BlackElo "1027"]
[WhiteFideId "423823"]
[BlackFideId "2315726"]
[EventDate "2019.04.08"]

1. e4 e5 2. Nf3 Nc6 3. Bc4 Nf6 4. d3 a6 5. c3 d5 6. exd5 Nxd5 7. h3 Be6 8. Qb3
Rb8 9. Qd1 b5 10. Bb3 a5 11. O-O a4 12. Bc2 Be7 13. c4 bxc4 14. Bxa4 Rb6 15.
dxc4 Nf6 16. Qe2 e4 17. Ne5 Qa8 18. Bxc6+ Rxc6 19. Nxc6 Qxc6 20. b3 O-O 21. Ba3
Bxa3 22. Nxa3 Qc5 23. Nb5 Qg5 24. Qe3 Qh5 25. Nxc7 Bf5 26. Nd5 Nxd5 27. cxd5 Bg6
28. d6 Rd8 29. Rad1 Qe5 30. Qd4 Qe6 31. f4 exf3 32. Rxf3 Bh5 33. Re3 Qf5 34. g4
Qg6 35. Qe4 Qxe4 36. Rxe4 Bg6 37. Re7 h6 38. d7 f6 39. Rc1 1-0

[Event "GAMMA Reykjavik Open 2019"]
[Site "Reykjavik ISL"]
[Date "2019.04.09"]
[Round "3.2"]
[White "Praggnanandhaa, R"]
[Black "L'Ami, Erwin"]
[Result "1/2-1/2"]
[WhiteTitle "GM"]
[BlackTitle "GM"]
[WhiteElo "2537"]
[BlackElo "2647"]
[WhiteFideId "25059530"]
[BlackFideId "1007998"]
[EventDate "2019.04.08"]

1. e4 e5 2. Nf3 Nc6 3. Bc4 Nf6 4. d3 Bc5 5. O-O h6 6. c3 d6 7. a4 a5 8. Nbd2 O-O
9. Re1 Be6 10. Bxe6 fxe6 11. Nf1 d5 12. Be3 Bxe3 13. Rxe3 dxe4 14. dxe4 Qxd1 15.
Rxd1 Rfd8 16. N1d2 Nd7 17. Ra1 Nc5 18. Kf1 Kf7 19. h4 Rd3 20. Rxd3 Nxd3 21. Nc4
Ke7 22. g3 Rd8 23. Ke2 Nc5 24. Nfxe5 Nxe5 25. Nxe5 Nxe4 26. Ke3 Nf6 27. Nd3 b6
28. f3 Nd5+ 29. Ke2 Kf6 30. Nf2 Ne7 31. Ng4+ Kf7 32. Ne5+ Kf6 33. Ng4+ Kf7 34.
Ne5+ Kg8 1/2-1/2

[Event "GAMMA Reykjavik Open 2019"]
[Site "Reykjavik ISL"]
[Date "2019.04.09"]
[Round "3.4"]
[White "Brunello, Sabino"]
[Black "Lupulescu, Constantin"]
[Result "1/2-1/2"]
[WhiteTitle "GM"]
[BlackTitle "GM"]
[WhiteElo "2534"]
[BlackElo "2634"]
[WhiteFideId "813613"]
[BlackFideId "1207822"]
[EventDate "2019.04.08"]

1. d4 Nf6 2. c4 e6 3. Nf3 d5 4. Nc3 Nbd7 5. Bg5 h6 6. Bh4 Be7 7. e3 O-O 8. Rc1
dxc4 9. Bxc4 a6 10. a4 c5 11. O-O cxd4 12. Nxd4 Qb6 13. Qb3 Qxb3 14. Bxb3 Ne5
15. Rfd1 Bd7 16. Kf1 Rfd8 17. Ke2 Rac8 18. Nb1 Nc6 19. Nxc6 Bxc6 20. f3 g5 21.
Be1 Nd7 22. Bc2 Nb6 23. b3 Rxd1 24. Kxd1 Nd5 25. Bd2 Rd8 26. Ke2 Nb4 27. Bd1 f5
28. Rc4 Nd3 29. Ba5 Rd7 30. Rc3 Ne5 31. Bc2 b5 32. Bd1 bxa4 33. bxa4 Bd5 34. Bb3
Kf7 35. Nd2 Nc6 36. Bxd5 1/2-1/2

[Event "GAMMA Reykjavik Open 2019"]
[Site "Reykjavik ISL"]
[Date "2019.04.09"]
[Round "3.5"]
[White "Parligras, Mircea-Emilian"]
[Black "Sadzikowski, Daniel"]
[Result "1/2-1/2"]
[WhiteTitle "GM"]
[BlackTitle "GM"]
[WhiteElo "2633"]
[BlackElo "2523"]
[WhiteFideId "1204297"]
[BlackFideId "1132253"]
[EventDate "2019.04.08"]

1. Nf3 d5 2. e3 Nf6 3. c4 e6 4. Nc3 Be7 5. b3 O-O 6. Bb2 b6 7. cxd5 exd5 8. Be2
Bb7 9. Rc1 Re8 10. O-O Nbd7 11. Qc2 a6 12. d4 Bd6 13. Rfd1 Qe7 14. Bf1 Rac8 15.
g3 Ne4 16. Bh3 Rcd8 17. Nxe4 dxe4 18. Ne5 Nxe5 19. dxe5 Bxe5 20. Rxd8 Rxd8 21.
Bxe5 Qxe5 22. Qxc7 Qxc7 23. Rxc7 Bd5 24. Kf1 Kf8 25. Ke1 a5 26. Bf1 Rd6 27. Bb5
Be6 28. Rc6 Ke7 29. h4 Rxc6 30. Bxc6 f5 31. Kd2 Kd6 32. Bb7 b5 33. Kc3 Kc5 34.
a3 b4+ 35. axb4+ axb4+ 36. Kc2 Kb6 37. Ba8 Kc7 38. Kb2 h6 39. Kc2 Kd6 40. Bb7
Ke5 41. Ba6 g5 42. hxg5 hxg5 43. Be2 f4 44. Bh5 fxg3 1/2-1/2

[Event "GAMMA Reykjavik Open 2019"]
[Site "Reykjavik ISL"]
[Date "2019.04.09"]
[Round "3.6"]
[White "Hjartarson, Johann"]
[Black "Hovhannisyan, Robert"]
[Result "0-1"]
[WhiteTitle "GM"]
[BlackTitle "GM"]
[WhiteElo "2520"]
[BlackElo "2630"]
[WhiteFideId "2300044"]
[BlackFideId "13302507"]
[EventDate "2019.04.08"]

1. e4 e5 2. Nf3 Nc6 3. Bb5 Nf6 4. d3 Bc5 5. Bxc6 dxc6 6. Qe2 Bd6 7. Nbd2 Be6 8.
O-O Nd7 9. Re1 c5 10. Nf1 f6 11. c3 Qe7 12. a3 a5 13. d4 cxd4 14. cxd4 exd4 15.
Nxd4 O-O 16. Be3 Nc5 17. Qc2 Bd7 18. f3 g6 19. Rac1 Qf7 20. Nd2 Ne6 21. Nc4 Be7
22. Qc3 b6 23. e5 f5 24. Nd2 c5 25. Nxe6 Bxe6 26. Nc4 Bxc4 27. Qxc4 Qxc4 28.
Rxc4 a4 29. Rd1 Rfd8 30. Rxd8+ Bxd8 31. Kf2 Kf7 32. f4 Ke6 33. Kf3 Be7 34. h3 b5
35. Rc1 c4 36. Ke2 h6 37. g4 Rf8 38. Bd2 g5 39. gxf5+ Rxf5 40. Rg1 gxf4 41. Rg6+
Kxe5 42. Kf3 Kd4 43. Rxh6 Kd3 44. Be1 Bf6 45. Bb4 Bxb2 46. Rd6+ Kc2 47. h4 Kb3
48. Kg4 Rf7 0-1

[Event "GAMMA Reykjavik Open 2019"]
[Site "Reykjavik ISL"]
[Date "2019.04.09"]
[Round "3.7"]
[White "Tari, Aryan"]
[Black "Salomon, Johan"]
[Result "1/2-1/2"]
[WhiteTitle "GM"]
[BlackTitle "GM"]
[WhiteElo "2615"]
[BlackElo "2495"]
[WhiteFideId "1510045"]
[BlackFideId "1509500"]
[EventDate "2019.04.08"]

1. e4 e5 2. Nf3 Nc6 3. Bb5 Nf6 4. d3 d6 5. O-O Bd7 6. c4 g6 7. Nc3 Bg7 8. h3 O-O
9. Be3 a6 10. Ba4 Nh5 11. Bxc6 Bxc6 12. d4 exd4 13. Bxd4 Re8 14. Re1 Bxd4 15.
Nxd4 Qf6 16. Re3 Nf4 17. b4 Qg5 18. Rg3 Qe5 19. Qd2 Bd7 20. Re1 Be6 21. Nf3 Qf6
22. e5 dxe5 23. Nxe5 Rad8 24. Qe3 Nd3 25. Nxd3 Qxc3 26. Nf4 Qxe3 27. Rgxe3 Kf8
28. Nxe6+ Rxe6 29. Rxe6 fxe6 30. Rxe6 Rd1+ 1/2-1/2

[Event "GAMMA Reykjavik Open 2019"]
[Site "Reykjavik ISL"]
[Date "2019.04.09"]
[Round "3.8"]
[White "Prithu, Gupta"]
[Black "Lagarde, Maxime"]
[Result "1-0"]
[WhiteTitle "IM"]
[BlackTitle "GM"]
[WhiteElo "2478"]
[BlackElo "2612"]
[WhiteFideId "46618546"]
[BlackFideId "662399"]
[EventDate "2019.04.08"]

1. c4 f5 2. Nf3 Nf6 3. g3 g6 4. Bg2 Bg7 5. d4 d6 6. O-O O-O 7. Nc3 Qe8 8. Nd5
Nxd5 9. cxd5 h6 10. Bd2 Kh7 11. e4 fxe4 12. Nh4 Bf6 13. Bxe4 Bxh4 14. Qh5 Bf6
15. Qxh6+ Kg8 16. Bxg6 Rf7 17. Rae1 Nd7 18. Re4 Nf8 19. Bh5 Bg7 20. Qe3 Bf5 21.
Re6 c6 22. Re1 cxd5 23. Bxf7+ Qxf7 24. Rxe7 Qh5 25. Qb3 Bh3 26. Rxg7+ Kxg7 27.
Qxb7+ Nd7 28. Qxa8 Ne5 29. Bh6+ Kh7 30. Qf8 Nf3+ 31. Kh1 1-0

[Event "GAMMA Reykjavik Open 2019"]
[Site "Reykjavik ISL"]
[Date "2019.04.09"]
[Round "3.9"]
[White "Petrosian, Tigran L."]
[Black "Hambleton, Aman"]
[Result "1/2-1/2"]
[WhiteTitle "GM"]
[BlackTitle "GM"]
[WhiteElo "2605"]
[BlackElo "2484"]
[WhiteFideId "13301616"]
[BlackFideId "2606577"]
[EventDate "2019.04.08"]

1. Nf3 d5 2. g3 c6 3. Bg2 Bg4 4. h3 Bxf3 5. Bxf3 Nf6 6. Bg2 Nbd7 7. O-O e5 8. d3
Bc5 9. Nd2 O-O 10. e4 Re8 11. exd5 cxd5 12. c4 e4 13. Kh2 e3 14. fxe3 Bxe3 15.
cxd5 Nb6 16. Ne4 Nbxd5 17. Rxf6 gxf6 18. Qf3 Bxc1 19. Rxc1 Kh8 20. Rc5 Re6 21.
Rc4 Nb6 22. Rc5 Qe7 23. d4 Rd8 24. Rh5 Rd5 25. Rh4 Qd8 26. Nc5 Rc6 27. Qd3 f5
28. Bxd5 Qxd5 29. Qe3 Nc4 30. Qe8+ Kg7 31. Nd7 Qd6 32. Rf4 Rc7 33. Rxf5 Rxd7 34.
Rg5+ Kh6 35. h4 Qe7 36. Qg8 Qe2+ 37. Kh3 Qf1+ 38. Kh2 Qf2+ 39. Kh3 Qf1+ 40. Kh2
Qe2+ 41. Kh3 Qf1+ 1/2-1/2

[Event "GAMMA Reykjavik Open 2019"]
[Site "Reykjavik ISL"]
[Date "2019.04.09"]
[Round "3.10"]
[White "Christiansen, Johan-Sebastian"]
[Black "Sarkar, Justin"]
[Result "1/2-1/2"]
[WhiteTitle "GM"]
[BlackTitle "IM"]
[WhiteElo "2571"]
[BlackElo "2337"]
[WhiteFideId "1512668"]
[BlackFideId "2010011"]
[EventDate "2019.04.08"]

1. e4 e5 2. Nf3 Nc6 3. Bc4 Nf6 4. d3 Bc5 5. c3 O-O 6. O-O d5 7. exd5 Nxd5 8. Re1
Bg4 9. h3 Bh5 10. Nbd2 Bb6 11. Nf1 Re8 12. Ng3 Bg6 13. a4 a6 14. Bd2 f6 15. a5
Nxa5 16. Bxd5+ Qxd5 17. c4 Nxc4 18. dxc4 Qxc4 19. Be3 Rad8 20. Qc1 Qxc1 21.
Rexc1 Bxe3 22. fxe3 c6 23. Ra3 Rd7 24. Rb3 Kf8 25. Ne2 Bd3 26. Kf2 Red8 27. Ned4
exd4 28. Rxd3 dxe3+ 29. Rxe3 Rd3 30. Re4 Re8 31. Rb4 Re7 32. Rc2 Ke8 33. Nd2 Kd8
34. Nb3 Rd5 35. Rc5 Rxc5 36. Nxc5 Kc8 37. Re4 Rxe4 38. Nxe4 b6 39. Ke3 Kd7 40.
Kd4 Ke6 41. Nc3 c5+ 42. Ke3 b5 43. g4 Ke5 44. Nb1 c4 45. Na3 Kd5 46. Nc2 a5 47.
h4 b4 48. h5 g6 49. h6 Kc5 50. Nd4 a4 51. Ne6+ Kd6 52. Nd4 Kd5 53. Nc2 Kc5 54.
Nd4 a3 55. bxa3 bxa3 56. Nc2 a2 57. Ke4 Kb5 58. Kd4 f5 59. gxf5 gxf5 60. Kc3 Kc5
61. Kb2 f4 62. Kxa2 f3 63. Kb2 f2 64. Ne3 Kd4 65. Nf1 Kd3 66. Kc1 Ke2 67. Ng3+
Kf3 68. Nf1 Kg2 69. Ne3+ Kf3 70. Nf1 1/2-1/2

[Event "GAMMA Reykjavik Open 2019"]
[Site "Reykjavik ISL"]
[Date "2019.04.09"]
[Round "3.12"]
[White "Grandelius, Nils"]
[Black "Saduakassova, Dinara"]
[Result "1-0"]
[WhiteTitle "GM"]
[BlackTitle "IM"]
[WhiteElo "2687"]
[BlackElo "2461"]
[WhiteFideId "1710400"]
[BlackFideId "13700090"]
[EventDate "2019.04.08"]

1. Nf3 Nf6 2. g3 d5 3. Bg2 e6 4. O-O Be7 5. c4 O-O 6. b3 a5 7. Nc3 c6 8. Bb2
Nbd7 9. d4 Rb8 10. Ne5 Bd6 11. f4 Ne8 12. e3 Bb4 13. Ne2 Be7 14. Qc2 Nd6 15. g4
f6 16. Nxd7 Bxd7 17. f5 Qc8 18. Ng3 b5 19. c5 Nf7 20. e4 dxe4 21. Bxe4 Ng5 22.
Bg2 Bd8 23. Rae1 Nf7 24. Be4 Ng5 25. Bg2 Nf7 26. Qf2 Bc7 27. fxe6 Bxe6 28. Nf5
Bxf5 29. Qxf5 Nd8 30. Re7 Qxf5 31. gxf5 Rf7 32. Re8+ Rf8 33. Rfe1 Bf4 34. R8e4
Bh6 35. Re7 Rf7 36. d5 Rxe7 37. Rxe7 cxd5 38. Kf2 Kf8 39. Rd7 Rc8 40. Rxd5 Bf4
41. Bf1 Nc6 42. Kf3 Bxh2 43. Bxb5 Nb4 44. Bd7 Rd8 45. Rd2 Bg1 46. a3 Nc6 47. Bc3
Nb8 48. Bb5 Rxd2 49. Bxd2 Bxc5 50. Bxa5 Ke7 51. a4 Kd6 52. Ke4 Nc6 53. Be1 Bb4
54. Bf2 Na5 55. Bg3+ Kc5 56. Kd3 Nc6 57. Bf2+ Kd5 58. Bc4+ Kd6 59. Bg8 Bc5 60.
Bg3+ Ne5+ 61. Kc3 h5 62. Bc4 Kc6 63. Be2 Ng4 64. Bf3+ Kd7 65. a5 Ne5 66. Bxh5
Nc6 67. Kc4 Bb4 68. a6 Bd6 69. Be8+ 1-0

[Event "GAMMA Reykjavik Open 2019"]
[Site "Reykjavik ISL"]
[Date "2019.04.09"]
[Round "3.13"]
[White "Gupta, Abhijeet"]
[Black "Thorfinnsson, Bragi"]
[Result "0-1"]
[WhiteTitle "GM"]
[BlackTitle "GM"]
[WhiteElo "2602"]
[BlackElo "2436"]
[WhiteFideId "5010608"]
[BlackFideId "2300958"]
[EventDate "2019.04.08"]

1. d4 Nf6 2. c4 e6 3. Nf3 d5 4. g3 Be7 5. Bg2 O-O 6. O-O dxc4 7. Qc2 b6 8. Bg5
Nd5 9. Bxe7 Qxe7 10. Nbd2 Ba6 11. Nxc4 c5 12. Rac1 Rc8 13. e4 Nb4 14. Qb3 b5 15.
Nd6 Qxd6 16. dxc5 Qd3 17. Rc3 Qd8 18. Qxb4 Nc6 19. Qb3 b4 20. Rcc1 Bxf1 21. Bxf1
a5 22. Qe3 a4 23. Bb5 Qf6 24. e5 Qd8 25. Qe4 Ne7 26. Nd4 a3 27. b3 Ra5 28. Rc4
g6 29. Qe1 Nd5 30. Bc6 Nc3 31. Rxc3 Qxd4 32. Rc4 Qb2 33. Qxb4 Ra7 34. Bb7 Rc7
35. c6 Qxe5 36. Rd4 Kg7 37. Rd8 Kf6 38. Kg2 g5 39. h3 Ra5 40. h4 h6 41. Rd3 Rd5
42. Re3 Qd4 43. hxg5+ hxg5 44. Qxa3 Rf5 45. Qc1 Qd5+ 46. Kg1 g4 47. Qc3+ Kg6 48.
Qd3 Qc5 49. a4 Qc1+ 50. Kg2 f6 51. Re4 Qg5 52. Qd1 Kh5 53. Rxe6 Rxf2+ 54. Kxf2
Qf5+ 55. Kg2 Qxe6 56. Qd3 f5 57. a5 Qe5 58. a6 Re7 59. Qf1 Qd5+ 60. Kh2 Kg6 61.
Kg1 Qd4+ 62. Kg2 Qd2+ 63. Kg1 Re1 64. a7 Qe3+ 0-1